Normal view MARC view

Entry Personal Name

Number of records used in: 1

001 - CONTROL NUMBER

  • control field: 30240

003 - CONTROL NUMBER IDENTIFIER

  • control field: dpl

005 - DATE AND TIME OF LATEST TRANSACTION

  • control field: 20110727162039.0

008 - FIXED-LENGTH DATA ELEMENTS

  • fixed length control field: 110727|||a|||||| | ||| d

040 ## - CATALOGING SOURCE

  • Original cataloging agency: dpl
  • Transcribing agency: dpl

100 ## - HEADING--PERSONAL NAME

  • Personal name: Pal, Rajiv

670 ## - SOURCE DATA FOUND

  • Source citation: Work cat.: (dpl)38645: Pal, Rajiv, Speak english with idioms & phrases /, 2010

670 ## - SOURCE DATA FOUND

  • Source citation: Work cat.: (dpl)38645: Pal, Rajiv, Speak english with idioms & phrases /, 2010

© Delhi Public Library
Hit Counter
free hit counter